Autoridad e individuo

Guardat en:
Dades bibliogràfiques
Autor principal: Russell, Bertrand (Autor)
Format: Llibre
Idioma:espanyol
Publicat: Ciudad de México Fondo de Cultura Económica 1973
Col·lecció:Breviarios del Fondo de Cultura Económica, 15
Matèries:
Etiquetes: Afegir etiqueta
Sense etiquetes, Sigues el primer a etiquetar aquest registre!

MARC

LEADER 00000nam a2200000 a 4500
001 UCX3560
003 CL-VaPUC
008 911114e19730000MX |||||||||||||||||spa|d
082 0 4 |a 320.01  |b RUS  |2 21 
100 0 |a Russell, Bertrand  |e author  |9 319749 
245 1 0 |a Autoridad e individuo 
300 |a 127 p 
942 |c BK 
945 |d 19911114 00:00:00 
260 |a Ciudad de México  |b Fondo de Cultura Económica  |c 1973 
650 7 |a PODER  |2 CL-VaPUC  |9 319750 
650 0 |a Individualismo  |9 313336 
650 7 |a FILOSOFIA POLITICA  |2 CL-VaPUC  |9 319751 
583 |a last modification  |c 19911114 00:00:00  |k Rodrigo Vera 
490 0 |a Breviarios del Fondo de Cultura Económica, 15 
999 |c 224283  |d 224281 
952 |0 0  |1 0  |4 0  |6 320_010000000000000_RUS_1973  |7 0  |8 P  |9 220816  |a BIBEDU  |b BIBEDU  |c BIBEDU_PB  |d 2019-11-15  |i 2895617  |o 320.01 RUS 1973  |p 2895617  |r 2024-01-25  |w 2019-11-15  |y BK  |k FIL 
952 |0 0  |1 0  |4 0  |6 320_010000000000000_RUS_1973  |7 0  |8 P  |9 220817  |a BIBEDU  |b BIBEDU  |c BIBEDU_PB  |d 2019-11-15  |i 1515276  |o 320.01 RUS 1973  |p 1515276  |r 2024-01-25  |w 2019-11-15  |y BK  |k EDU